Statistics for Name the Sports Mascot

Click here to take the quiz!

General Stats

  • This quiz has been taken 9 times
  • The average score is 4 of 16

Answer Stats

Answer% Correct
Mr. Met
67%
Benny the Bull
56%
Gritty
44%
Phanatic
44%
Hugo
22%
Pirate Parrot
22%
Steely McBeam
22%
Wally the Green Monster
22%
Jonathan the Husky
11%
Raymond
11%
Rocky
11%
Rumble
11%
Stuff the Magic Dragon
11%
Bernie
0%
Jaxson de Ville
0%
The Suns Gorilla
0%

Score Distribution

Percentile by Number Answered

Percent of People with Each Score

Your Score History

You have not taken this quiz